Central Library OPAC University of Rajshahi
Normal view MARC view

Entry Personal Name

Number of records used in: 2

001 - CONTROL NUMBER

  • control field: 10810

003 - CONTROL NUMBER IDENTIFIER

  • control field: BD-RjUL

005 - DATE AND TIME OF LATEST TRANSACTION

  • control field: 20240114120517.0

008 - FIXED-LENGTH DATA ELEMENTS

  • fixed length control field: 240114|| aca||aabn | a|a d

040 ## - CATALOGING SOURCE

  • Original cataloging agency: BD-RjUL
  • Transcribing agency: BD-RjUL

100 ## - HEADING--PERSONAL NAME

  • Personal name: Muḥammad Saiʻd

670 ## - SOURCE DATA FOUND

  • Source citation: Work cat.: (BD-RjUL)82601: Muḥammad Saiʻd ,, ‏نوادر الوصول فى شرح الفصول /‏ ;; Navādir al-vuṣūl fī sharḥ al-Fuṣūl /, 1316 [1900]